| 000 | 00530nam a2200181 i 4500 | ||
|---|---|---|---|
| 001 | 52110 | ||
| 003 | ES-MaACL | ||
| 005 | 20230906162524.0 | ||
| 007 | t| | ||
| 008 | 030825s1970 sp ||||1| spa d | ||
| 100 | 1 |
_aChorafas, Dimitris N. _938615 |
|
| 245 | 1 | 3 |
_aLa revolución del saber / _cD.N. Chorafas ; [traducción de Miguel A. Bastenier]. |
| 250 | _a[1ª ed.]. | ||
| 260 |
_aBarcelona : _bBlume, _c[1970] |
||
| 300 |
_a166 p. ; _c21 cm. |
||
| 700 | 1 |
_aBastenier, Miguel A. _926349 |
|
| 852 |
_aES-MaACL _jC-38862 _bR.72904 |
||
| 999 |
_c52110 _d52110 |
||